00655nam a2200229Ia 450000500170000000800460001702000180006303700100008104000080009104000080009904000080010704100080011504100080012308400080013110000290013924500660016826000080023485600610024294200100030399900210031395200910033420260123164125.0008 260114s9999 xx 000 0 eng d a9789390544882 aEBOOK aCRL beng cCRL 2eng aeng qCRL aMishra & Pathak91106205 0aMaintenance engineering and management - mishra & pathak, 2/e bPHI uhttps://elibrary.phindia.com/ebooks/reader/9789390544882 cEBOOK c1671328d1671328 00104070aCRLbCRLd2026-01-23l0pCL1887175r2026-01-23 16:41:25w2026-01-23yEBOOK